| 000 | 00695nam a22002057a 4500 | ||
|---|---|---|---|
| 005 | 20140310183652.0 | ||
| 008 | 140123b xxu||||| |||| 00| 0 eng d | ||
| 020 | _a9780323030656 | ||
| 050 |
_aQR 67 _b.F741 2007 |
||
| 100 | _aForbes, Betty A. | ||
| 245 |
_aBailey & Scott's diagnostic microbiology / _cBetty A. Forbes, Daniel F. Sahm, Alice S. Weissfeld ; photography by Ernest A. Trevino. |
||
| 250 | _a12th ed. | ||
| 260 |
_aSt. Louis : _bMosby Elsevier, _cc2007. |
||
| 300 |
_a1031 p. : _bill. ; _c29 cm. |
||
| 500 | _aIncludes bibliographical references and index. | ||
| 650 |
_aDiagnostic microbiology _xTextbook. |
||
| 942 |
_2lcc _cBK |
||
| 999 |
_c26105 _d26105 |
||